| 000 | 00605nam a2200205Ii 4500 | ||
|---|---|---|---|
| 003 | JO-AjNU | ||
| 008 | 230605s9999||||xx |||||||||||||| ||und|| | ||
| 040 |
_aJO-AjNU _bara _erda _cJO-AjNU |
||
| 041 | _aara | ||
| 050 | 1 | 4 | _aDT95.5.S254 1989 |
| 100 | 3 |
_aشلبي، محمود, _eauthor _910044 |
|
| 245 | 0 | 0 | _aحياة صلاح الدين |
| 250 | _aط3 | ||
| 264 | 3 | 1 | _aبيروت: دار الجيل، 1989 |
| 300 | _a182ص | ||
| 336 |
_atext _btxt _2rdacontent |
||
| 337 |
_aunmediated _bn _2rdamedia |
||
| 338 |
_avolume _bnc _2rdacarrier |
||
| 650 | 4 |
_aتراجم-صلاح الدين-تاريخ _910045 |
|
| 999 |
_aA1608 _c5176 _d5176 |
||